| 000 | 01137nam a2200265 i 4500 | ||
|---|---|---|---|
| 001 | 110531 | ||
| 003 | ES-MaACL | ||
| 005 | 20250724100829.0 | ||
| 007 | t| | ||
| 008 | 070129s1883 sp |||| | spa d | ||
| 040 | _cES-MaACL | ||
| 100 | 1 |
_aLaguna, Máximo, _d1826-1902 _eaut _969621 |
|
| 245 | 1 | 1 |
_a¿Qué son las plantas? / _cpor Máximo Laguna. |
| 260 |
_aMadrid : _b[s.n.], _c1883 _f(Imp. de Moreno y Rojas) |
||
| 300 |
_a24 páginas ; _c23 cm. |
||
| 500 | _aPrecede al tít..: Ateneo Científico y Literario de Madrid. Curso de Ciencias Naturales, quinta conferencia, 16 de febrero de 1882 | ||
| 530 | _aDisponible en formato digital | ||
| 610 | 2 | 4 |
_aAteneo de Madrid- _vConferencias- _yS.XIX. _91910 |
| 650 | 7 |
_aPlantas _2embne _9146656 |
|
| 852 |
_aES-MaACL _cSPP3 _jG-9534(11) _xEnc. en un vol. facticio, formando parte de la col. facticia: "Revista de montes. Varios sobre montes, 1880-83, II" _z |
||
| 856 |
_uhttp://bdh-rd.bne.es/viewer.vm?id=0000041407&page=1 _yVersión en línea _z(Biblioteca Digital Hispánica) |
||
| 942 |
_cMONANT _n0 |
||
| 999 |
_c110531 _d110531 |
||